| 000 | 00421nam a2200145Ia 4500 | ||
|---|---|---|---|
| 008 | 210716s2005 xx 000 0 und d | ||
| 020 | _a0761933565 | ||
| 041 | _aeng | ||
| 082 | _a331.20470954 BAND | ||
| 100 | _aBanerjee, Debdas. | ||
| 245 | _aGlobalisation industrial restructuring and labour standards: where India meets the global. | ||
| 250 | _a1 | ||
| 260 |
_aNew Delhi _bSage Publications _c2005 |
||
| 300 | _a321 | ||
| 999 |
_c199588 _d199588 |
||